Curso de diseño gráfico /

Guardado en:
Detalles Bibliográficos
Autor principal: Jiménez Cifuentes, Raquel (ed.)
Formato: Libro
Idioma:Español
Publicado: Bogotá, Colombia : Guanajuato, México : Educar Cultural Recreativa ; Rezza, 1992, c1992
Temas:
Etiquetas: Agrega una etiqueta
Sin etiquetas, Sé el primero en etiquetar este registro!

MARC

LEADER 00000nam^a2200000^a^4500
001 000038142
005 20250521000000.0
009 20260526114642.418
020 |a 958-615-246-4 
037 |a Acervo ITESO - Biblioteca 
041 |a ESP 
082 |a 741. 6 JIM  |b V. 1 
100 |a Jiménez Cifuentes, Raquel  |e (ed.) 
245 1 0 |a Curso de diseño gráfico /  |c Ed. de R. Jiménez Cifuentes. 
264 4 |a Bogotá, Colombia :  |b Educar Cultural Recreativa ;  |a Guanajuato, México :  |b Rezza,  |c 1992, c1992 
300 |a 208 p. 
336 |a texto  |b txt  |2 rdacontenido 
337 |a sin mediación  |b n  |2 rdamedio 
338 |a volumen  |b nc  |2 rdasoporte 
649 |a XX 
650 |a Diseño Gráfico -  |x Técnica 
650 |a Diseño Gráfico -  |x Materiales y Equipo 
650 |a Publicidad Impresa 
650 |a Carteles 
650 |a Logotipos 
650 |a Identidad Corporativa 
650 |a Empaques y Bolsas 
650 |a Comunicación Visual 
650 |a Comunicación Visual 
910 |a Fondo General 
920 |a Impresos - Libros 
930 |a Obras de Referencia 
905 |a 102 
901 |a 0381420100  |b IT2  |c REF  |i 038142  |u 20250521 
902 |a https://opac.biblio.iteso.mx/vufind/Record/000038142